Govt. of
Madhya Pradesh

महाभारत (Record no. 64680)

MARC details
000 -LEADER
fixed length control field 00311nam a2200109Ia 4500
008 - FIXED-LENGTH DATA ELEMENTS--GENERAL INFORMATION
fixed length control field 221009s9999 xx 000 0 und d
082 ## - DEWEY DECIMAL CLASSIFICATION NUMBER
Classification number 741.462
100 ## - MAIN ENTRY--PERSONAL NAME
Personal name वत्‍स्‍य, सन्‍तराम
9 (RLIN) 64459
245 #0 - TITLE STATEMENT
Title महाभारत
260 ## - PUBLICATION, DISTRIBUTION, ETC. (IMPRINT)
Name of publisher, distributor, etc. ज्ञान भारती
942 ## - ADDED ENTRY ELEMENTS (KOHA)
Koha item type Books

No items available.